1011 1668 1515 1411 1337 1271 1622 1184 1795 1884 1797 1698 1680 1850 1613 1768 1466 1632 1758 1322 1644 1400 1604 1220 1524 1635 1021 1900 1556 1126 1161 1793 1329 1610 1466 1182 1525 1375 1167 1527 1701 1013 1496 1424 1663 1221 1443 1452 1437 1860 1994 1013 1625 1647 1986 1484 1337 1408 1411 1885 1382 1898 1119 1598 1411 1459 1499 1923 1862 1916 1743 1533 1898 1913 1773 1382 1904 1980 1630 1579 1033 1445 1511 1656 1937 1220 1972 1760 1694 1179 1470 1620 1842 1396 1176 1513 1013 1743 1326 BCNSPRNW ULIB Ver.6.0+V

เปลี่ยนเป็นภาษาไทย

Change to English
 แสดงรายละเอียดบรรณานุกรม
  กลับหน้าหลัก

Brief Record : Get Marc (ISO 2709) : E-mail record : QR code < ปิดหน้าต่าง
LEADER : 00000nam 2200000uu 4500
001    13399122565
003     ULIB
008    130731s2543||||th 000 0 tha d
099  0 ^aวจ.WD20^bด211อ
100 0  ^aดวงพร อรรถบวรพิศาล
245 10 ^aอัตราการใช้ถุงยางอนามัย จังหวัดสระบุรี=^bRate of condom used in Saraburi province/^cดวงพร อรรถบวรพิศาล...[และคนอื่น ๆ]
246 00 ^aRate of condom used in Saraburi province
246 0  ^a
260    ^aสระบุรี :^bงานควบคุมโรคเอดส์และกามโรค สำนักงานสาธารณสุขจังหวัดสระบุรี,^c2543.
300    ^a(ก-ฌ),45 แผ่น ;^c29 ซม.
650  7 ^aถุงยางอนามัย^vวิจัย
650  7 ^aวิจัย
700 0  ^aถนอมวงศ์ วงษ์สถิตย์
700 0  ^aชิตาภา อุณาริเณ
700 0  ^aดารณี อู่วิเชียร
700 0  ^aปรีชา พึ่งเจริญ
710 2  ^aงานควบคุมโรคเอดส์และกามโรค สำนักงานสาธารณสุขจังหวัดสระบุรี
945    ^p0^l0^i20010
999    ^aทศพร เกษรทอง
รายการนี้ยังไม่มีแท็ก
คุณยังไม่ได้ล็อกอิน คุณสามารถมีกิจกรรมร่วมกับเว็บไซต์ได้ แต่ต้องล็อกอินก่อน ::
  ล็อกอิน

รายการสื่อสารสนเทศ

ลำดับที่ ประเภท เลขเรียก/บาร์โค้ด สถานที่ สถานะ
1. งานวิจัย
งานวิจัย
วจ.WD20 ด211อ ฉ.1 
  Barcode: 20010
ห้องสมุดวิทยาเขตสวรรค์ประชารักษ์
►วิจัย
บนชั้น

รายการใกล้เคียง
    หัวเรื่อง [วิจัย]

BibComment


ยังไม่เคยถูกคอมเมนท์

คอมเมนท์ทรัพยากรรายการนี้
  คอมเมนท์: อัตราการใช้ถุงยา..


 Copyright 2026. Bcnsprnw @Library